000 02147naa a22003857a 4500
001 BR8500809
003 BR-BrBNA
005 20240918175519.0
007 ta
008 230509b bl.||||| |||| 00| 0 por d
040 _aBR-BrBNA
_bpor
_cBiblioteca Nacional de Agricultura
041 _a(Pt)
072 _aH20
_b0120
_b4120
_bG514
090 _aH20 BR8500809
100 1 _aNeto, N.
100 1 _aTorres, L.A.M.
100 1 _aCampos, A.E. de
111 1 _a29. Reuniao Tecnica Anual do Milho
_cPorto Alegre, RS (Brazil)
_d30 Jul-1 Aug 1984
245 1 _aLevantamento de ocorrencia de doencas no milho no CEP-FECOTRIGO, em 1983/84 [Zea mays, mancha foliar, Helminthosporium maydis, carvao comum, Ustilago maydis, mancha parda, Physoderma maydis, ferrugem, Puccinia sorghi, antracnose, Colletotrichum graminicola, queima das folhas, Phyllosticta maydis, Centro de Experimentacao e Pesquisa, Federacao das Cooperativas de Trigo e Soja do Rio Grande do Sul, Brasil]
246 1 _a[A survey of maize diseases in the CEP-FECOTRIGO, in 1983/84 [Zea mays, leaf spot, Helminthosporium maydis, common coal, Ustilago maydis, brown spot, Physoderma maydis, rust, Puccinia sorghi, anthracnose, colletotrichum graminicola, leaf burn, Phyllosticta maydis, Centro de Experimentacao e Pesquisa, Federacao das Cooperativas de Trigo e Soja do Rio Grande do Sul, Brazil]]
246 1 _a[Contribution of the Centro de Experimentacao e Pesquisa to the 29. Technical Yearly Meeting of Maize]
260 3 _aPorto Alegre, RS (Brasil):
_c1984.
500 _aContribuicao do Centro de Experimentacao e Pesquisa a 29. Reuniao Tecnica Anual do Milho Porto Alegre, RS (Brasil): 1984. p. 66-77 (BR8500809-AM)H20
650 _aDOENCA DE PLANTA
650 _aMILHO
650 _aMANCHA FOLIAR
650 _aCARVAO COMUM
650 _aMANCHA PARDA
650 _aFERRUGEM
650 _aANTRACNOSE
650 _aQUEIMA DA FOLHA
773 0 _tContribuicao do Centro de Experimentacao e Pesquisa a 29. Reuniao Tecnica Anual do Milho
_wH20 BR8500809
_gPorto Alegre, RS (Brasil), 1984. p. 66-77
909 _a202404
_bLucia
_c55
_dLucia Elande
942 _cAM
_2AGRIS
999 _c317077
_d317077